000 00559nam a2200193 a 4500
001 14673
003 CO-ViMGA
008 141112s2004 ck r 000 u spa d
040 _aCO-ViMGA
_bspa
_cCO-ViMGA
082 0 4 _a302.3 B315c
100 1 _aBeal, George M.
_921396
245 1 0 _aConducción y acción dinámica del grupo.
260 _aBuensos Aires.Kapelusz.1982
300 _a332.p.il.
505 _aInteracción en el grupo. - Tecnicas. - Evaluación.
650 1 4 _aDINAMICA DE GRUPO
_93825
650 1 4 _aPSICOLOGIA DE GRUPO
_921397
942 _2ddc
_cBK
999 _c25215
_d25215